000 00742nam a2200265 a 4500
005 20191224041536.0
008 140221b1990 gw ||||| |||| 00| 0 spa d
020 _a3880854408
040 _aCO-BoIAVH
_cCO-BoIAVH
041 _aspa
044 _agx
082 _a634.92
_bL239s
100 _aLamprecht, Hans
_98409
245 _aSilvicultura en los trópicos
260 _aEschborn
_bGTZ
_c1990
300 _a335 p.
650 _aSilvicultura
_940075
650 _aEcosistemas tropicales
_93564
650 _aEcosistemas forestales
_940076
650 _aBosques tropicales
_940077
650 _aAprovechamiento forestal
_940078
650 _aInvestigación aplicada
_93686
650 _aEspecies forestales
_940079
942 _cLIBRO
_2ddc
999 _c603
_d603